| 000 | 00868nam a2200193 4500 | ||
|---|---|---|---|
| 001 | 224 | ||
| 005 | 20230411085951.0 | ||
| 008 | 060907n1994 dr spa | ||
| 035 | _9funglode225 | ||
| 041 | _aES | ||
| 100 | _aLeiva, Fernando Ignacio | ||
| 245 | 1 |
_aMercado de trabajo flexible, pobreza y desintegración social en Chile, 1990-1994 / _cFernando Ignacio Leiva, Rafael Agacino |
|
| 260 |
_a[s.l.] : _bUniversidad ARCIS, _c1994 |
||
| 300 | _a74 p. | ||
| 504 | _aBibliografía p. 70-4 | ||
| 520 | _aLa estrategia de reestructuración : la tesis del Banco Mundial. -- La racionalidad tras la política y reformas laborales. -- Las prácticas empresariales de empleo flexible. -- Características del mercado del trabajo. -- Mercado de trabajo flexible y pobreza. -- Conclusiones y recomendaciones | ||
| 700 | _aAgacino, Rafael | ||
| 942 |
_2lcc _cbk |
||
| 999 |
_c110178 _d110178 |
||